[Event "Liverpool Open"]
[Site "?"]
[Date "2007.09.06"]
[Round "6.13"]
[White "Dgebuadze, Alexandre"]
[Black "Kennaugh, Charles"]
[Result "1-0"]
[WhiteElo "2508"]
[BlackElo "2294"]
[PlyCount "45"]
[EventDate "2007.09.06"]
[SourceDate "2007.09.06"]

1. c4 e6 2. Nf3 d5 3. e3 Nf6 4. b3 Be7 5. Bb2 O-O 6. Qc2 Nbd7 7. Nc3 a6 8. Be2
Re8 9. g4 g6 10. g5 Nh5 11. cxd5 Nf8 12. Ne4 exd5 13. Qc3 f6 14. gxf6 dxe4 15.
fxe7 Rxe7 16. Ng5 Ng7 17. Bc4+ Be6 18. Bxe6+ Nfxe6 19. Nxe6 Nxe6 20. Qh8+ Kf7
21. Qxh7+ Kf8 22. Qh8+ Kf7 23. Qf6+ 1-0

[Event "Liverpool Open"]
[Site "?"]
[Date "2007.09.06"]
[Round "6.24"]
[White "Jameson, David"]
[Black "Williamson, Roger"]
[Result "1/2-1/2"]
[WhiteElo "2006"]
[BlackElo "2129"]
[PlyCount "59"]
[EventDate "2007.09.06"]
[SourceDate "2007.09.06"]

1. e4 e5 2. Nf3 Nc6 3. Bb5 a6 4. Ba4 Nf6 5. O-O Be7 6. Re1 b5 7. Bb3 d6 8. c3
O-O 9. h3 Na5 10. Bc2 c5 11. d4 Qc7 12. Be3 Nc4 13. Bc1 Na5 14. Be3 Bd7 15.
Nbd2 Rfe8 16. Bg5 Nc6 17. Rc1 Qb6 18. d5 Na5 19. b4 Nb7 20. Be3 Qc7 21. a4 g6
22. axb5 axb5 23. Bd3 c4 24. Bc2 Ra3 25. Ra1 Rea8 26. Rxa3 Rxa3 27. Qc1 Ra6 28.
Qb2 Qb8 29. Ra1 Qa8 30. Rxa6 1/2-1/2

[Event "Liverpool Open"]
[Site "?"]
[Date "2007.09.06"]
[Round "6.28"]
[White "Armstrong, Malcolm"]
[Black "MacGilchrist, Siegrun"]
[Result "1-0"]
[WhiteElo "2126"]
[BlackElo "1834"]
[PlyCount "73"]
[EventDate "2007.09.06"]
[SourceDate "2007.09.06"]

1. d4 Nf6 2. Nf3 e6 3. c4 b6 4. e3 Bb7 5. Bd3 d5 6. O-O Be7 7. Nbd2 Nbd7 8. b3
c5 9. Bb2 Qc7 10. Qe2 Rc8 11. cxd5 cxd4 12. dxe6 fxe6 13. Rac1 Qd6 14. Rxc8+
Bxc8 15. Nxd4 O-O 16. Nc4 Qd5 17. e4 Qa8 18. Nxe6 Nc5 19. Nxf8 Nxd3 20. Qxd3
Kxf8 21. Bxf6 Bxf6 22. e5 Be7 23. Qxh7 Qc6 24. Nd6 Be6 25. Qh8+ Bg8 26. Qh3
Bxd6 27. exd6 Qxd6 28. Qf3+ Bf7 29. Rd1 Qc7 30. Qa8+ Be8 31. Re1 Qd7 32. Qxe8+
Qxe8 33. Rxe8+ Kxe8 34. f4 Ke7 35. Kf2 Ke6 36. Ke3 g6 37. Ke4 1-0

[Event "Liverpool Open"]
[Site "?"]
[Date "2007.09.06"]
[Round "6.33"]
[White "Wood, Michael"]
[Black "Almer, Julia"]
[Result "0-1"]
[WhiteElo "1616"]
[BlackElo "1932"]
[PlyCount "50"]
[EventDate "2007.09.06"]
[SourceDate "2007.09.06"]

1. e4 e5 2. Nf3 Nc6 3. Bc4 Nf6 4. d3 Bc5 5. O-O d6 6. Nc3 Bg4 7. Nd5 Nd4 8. Be3
Nxf3+ 9. gxf3 Bh3 10. Re1 Nxd5 11. Bxd5 Bxe3 12. Kh1 Bxf2 13. Re2 Bc5 14. Bxb7
Rb8 15. Bc6+ Bd7 16. Bxd7+ Qxd7 17. b3 O-O 18. Rg2 f5 19. Qe2 fxe4 20. dxe4 Rf4
21. Rd1 Kh8 22. Rg3 Rbf8 23. Qc4 Qf7 24. Qxf7 R4xf7 25. Kg2 Rf6 0-1

[Event "Liverpool Open"]
[Site "?"]
[Date "2007.09.06"]
[Round "6.38"]
[White "Ewart, Brian"]
[Black "Brooke, John"]
[Result "1-0"]
[WhiteElo "1808"]
[BlackElo "1887"]
[PlyCount "55"]
[EventDate "2007.09.06"]
[SourceDate "2007.09.06"]

1. e4 d6 2. d4 Nf6 3. Nc3 g6 4. f4 Bg7 5. Nf3 c5 6. d5 O-O 7. Be2 b5 8. e5 dxe5
9. fxe5 Ng4 10. Bf4 b4 11. Ne4 f6 12. d6 fxe5 13. Qd5+ e6 14. Qxa8 exf4 15.
Qxb8 Ne3 16. Kf2 Bxb2 17. Rab1 Bd4 18. Nxd4 cxd4 19. Qxb4 Qh4+ 20. Kg1 f3 21.
Bxf3 Rxf3 22. gxf3 Qh3 23. Qd2 Qxf3 24. Ng3 Bb7 25. d7 Qd5 26. Rxb7 Qxb7 27.
d8=Q+ Kg7 28. Q2xd4+ 1-0

[Event "Liverpool Open"]
[Site "?"]
[Date "2007.09.06"]
[Round "6.41"]
[White "Ashton, David"]
[Black "Baudisson, William"]
[Result "1-0"]
[WhiteElo "1576"]
[BlackElo "1160"]
[PlyCount "47"]
[EventDate "2007.09.06"]
[SourceDate "2007.09.06"]

1. e4 c5 2. Nf3 Nc6 3. c3 d6 4. d4 cxd4 5. cxd4 Bd7 6. Nc3 e6 7. Bf4 Nf6 8. d5
exd5 9. exd5 Qe7+ 10. Be2 Nb8 11. O-O Na6 12. Re1 O-O-O 13. Bxa6 Be6 14. dxe6
bxa6 15. Nd5 Nxd5 16. Qxd5 Qb7 17. Qxb7+ Kxb7 18. e7 Re8 19. exf8=Q Rxe1+ 20.
Rxe1 Rxf8 21. Bxd6 Rd8 22. Ba3 Rd7 23. Re7 Rxe7 24. Bxe7 1-0

[Event "Liverpool Open"]
[Site "?"]
[Date "2007.09.06"]
[Round "6.2"]
[White "Smerdon, David"]
[Black "Haslinger, Stewart"]
[Result "1/2-1/2"]
[WhiteElo "2461"]
[BlackElo "2468"]
[PlyCount "56"]
[EventDate "2007.09.06"]
[SourceDate "2007.09.06"]

1. e4 e5 2. Nf3 d6 3. d4 exd4 4. Nxd4 Nf6 5. Nc3 Be7 6. Nde2 c6 7. g3 b5 8. a3
Bb7 9. Bg2 O-O 10. O-O Re8 11. Re1 Bf8 12. Bf4 {(=)} a5 13. e5 dxe5 14. Qxd8
Rxd8 15. Bxe5 Nbd7 16. Bxf6 Nxf6 17. Nxb5 cxb5 18. Bxb7 Rab8 19. Bf3 Rd2 20.
Rac1 Rc8 21. Nc3 b4 22. axb4 axb4 23. Ne4 Rdxc2 24. Rxc2 Rxc2 25. Nxf6+ gxf6
26. Re2 b3 27. Kf1 Bc5 28. Bd5 Rxe2 1/2-1/2

[Event "Liverpool Open"]
[Site "?"]
[Date "2007.09.06"]
[Round "6.26"]
[White "Lambert, John"]
[Black "Yeo, Michael J"]
[Result "0-1"]
[WhiteElo "1632"]
[BlackElo "2153"]
[PlyCount "110"]
[EventDate "2007.09.06"]
[SourceDate "2007.09.06"]

1. d4 d5 2. e3 Nc6 3. Nf3 Bg4 4. Be2 e6 5. Nbd2 Nf6 6. c3 Bd6 7. b3 O-O 8. Qc2
Re8 9. Bb5 Bf5 10. Bd3 Bxd3 11. Qxd3 e5 12. dxe5 Bxe5 13. O-O Nb4 14. Qf5 Bxc3
15. Rb1 Nxa2 16. Ba3 Bxd2 17. Nxd2 Nc3 18. Ra1 Nce4 19. Nf3 Qd7 20. Qf4 h6 21.
h4 c6 22. Bb2 Re7 23. Nd4 Nd6 24. Ba3 Nfe8 25. f3 b6 26. e4 dxe4 27. Nf5 Qxf5
28. Qxf5 Nxf5 29. Bxe7 Nxe7 30. fxe4 Ng6 31. g3 Ne5 32. Kf2 Nd6 33. Ke3 f6 34.
Rfd1 Nb5 35. Kf4 Kf7 36. g4 g5+ 37. Kg3 Ke6 38. hxg5 hxg5 39. Rh1 Rd8 40. Rad1
Rxd1 41. Rxd1 Nd6 42. Re1 Nd3 43. Ra1 a5 44. Rb1 Nxe4+ 45. Kg2 Nd2 46. Rd1 Nf4+
47. Kf2 Nxb3 48. Ke3 Nd5+ 49. Kd3 Nc5+ 50. Kd2 b5 51. Kc1 b4 52. Kb2 a4 53. Ka1
a3 54. Rh1 b3 55. Rf1 b2+ 0-1

[Event "Liverpool Open"]
[Site "?"]
[Date "2007.09.06"]
[Round "6.27"]
[White "Reuben, Stewart"]
[Black "MacDonald, Paul"]
[Result "1/2-1/2"]
[WhiteElo "2144"]
[BlackElo "1768"]
[PlyCount "53"]
[EventDate "2007.09.06"]
[SourceDate "2007.09.06"]

1. c4 c6 2. Nf3 Nf6 3. b3 d5 4. Bb2 Bf5 5. e3 e6 6. Be2 Nbd7 7. O-O h6 8. Nh4
Bh7 9. f4 Bd6 10. Nc3 Qe7 11. g3 Ba3 12. Bxa3 Qxa3 13. cxd5 Nxd5 14. Nxd5 exd5
15. Qc1 Qxc1 16. Raxc1 g5 17. fxg5 hxg5 18. Nf5 Bxf5 19. Rxf5 f6 20. b4 a6 21.
Rf2 Rh6 22. Bg4 Ne5 23. Be2 Ke7 24. d4 Nf7 25. a4 Nd6 26. Bd3 Kd7 27. Rb1
1/2-1/2

[Event "Liverpool Open"]
[Site "?"]
[Date "2007.09.06"]
[Round "6.30"]
[White "Taylor, Edward"]
[Black "Potter, Steven"]
[Result "1/2-1/2"]
[WhiteElo "2072"]
[BlackElo "1648"]
[PlyCount "47"]
[EventDate "2007.09.06"]
[SourceDate "2007.09.06"]

1. d4 e6 2. c4 b6 3. e4 Bb7 4. f3 e5 5. dxe5 Nc6 6. f4 f6 7. exf6 Nxf6 8. Bd3
Nb4 9. Nc3 Nxd3+ 10. Qxd3 Bb4 11. Bd2 Bxc3 12. Bxc3 Bxe4 13. Qe2 O-O 14. O-O-O
Re8 15. Nf3 d6 16. Qf2 Bg6 17. Rhe1 Ne4 18. Qd4 Nxc3 19. Qxc3 Qd7 20. Nh4 Qg4
21. Nxg6 Qxg6 22. g3 a5 23. Qf3 Qf7 24. Qd3 1/2-1/2

[Event "Liverpool Open"]
[Site "?"]
[Date "2007.09.06"]
[Round "6.4"]
[White "Ansell, Simon"]
[Black "Fridman, Daniel"]
[Result "0-1"]
[WhiteElo "2405"]
[BlackElo "2628"]
[PlyCount "50"]
[EventDate "2007.09.06"]
[SourceDate "2007.09.06"]

1. e4 g6 2. d4 Bg7 3. Nc3 c6 4. Be3 d5 5. f3 Qb6 6. Qd2 dxe4 7. fxe4 Nf6 8. Nf3
Ng4 9. Bf4 e5 10. dxe5 Nd7 11. Na4 Qc7 12. e6 Nde5 13. exf7+ Qxf7 14. Nxe5 Nxe5
15. Bd3 Nc4 16. Bxc4 Qxc4 17. Nc3 O-O 18. Be3 Bg4 19. Qd3 Qb4 20. Bd2 Qb6 21.
Qg3 Rad8 22. Nd1 Rxd2 23. Kxd2 Bh6+ 24. Ke1 Qb4+ 25. Nc3 Qxb2 0-1

[Event "Liverpool Open"]
[Site "?"]
[Date "2007.09.06"]
[Round "6.29"]
[White "McBride, John"]
[Black "Peacock, Malcolm"]
[Result "0-1"]
[WhiteElo "1776"]
[BlackElo "2094"]
[PlyCount "80"]
[EventDate "2007.09.06"]
[SourceDate "2007.09.06"]

1. d4 Nf6 2. c4 c5 3. d5 e6 4. Nc3 exd5 5. cxd5 d6 6. e4 g6 7. f4 Bg7 8. Bb5+
Nfd7 9. a4 a6 10. Bd3 Qh4+ 11. g3 Qd8 12. Nf3 O-O 13. O-O Nf6 14. f5 Nbd7 15.
a5 Ng4 16. Bg5 Bf6 17. Bxf6 Qxf6 18. Qd2 Nde5 19. Nxe5 Qxe5 20. Bc2 gxf5 21.
exf5 Qe3+ 22. Qxe3 Nxe3 23. Rf2 Nxc2 24. Rxc2 Bxf5 25. Rf2 Bg6 26. Rf6 Rad8 27.
g4 Kg7 28. Raf1 Rfe8 29. h4 h5 30. g5 Re3 31. Kf2 Rh3 32. Ne2 Rxh4 33. Nf4 Rg4
34. Nxg6 fxg6 35. Ke3 Rd7 36. Rf8 Rxg5 37. Rb8 Re5+ 38. Kd3 Rxd5+ 39. Kc3 Rf5
40. Re1 h4 0-1

[Event "Liverpool Open"]
[Site "?"]
[Date "2007.09.06"]
[Round "6.31"]
[White "Tasker, Michael"]
[Black "Blades, Tony"]
[Result "1-0"]
[WhiteElo "2070"]
[BlackElo "1640"]
[PlyCount "85"]
[EventDate "2007.09.06"]
[SourceDate "2007.09.06"]

1. Nf3 Nf6 2. c4 g6 3. Nc3 Bg7 4. e4 d6 5. d4 O-O 6. Be2 Bg4 7. Be3 c6 8. O-O
Nbd7 9. Rb1 Qc7 10. h3 Bxf3 11. Bxf3 Nb6 12. Be2 d5 13. e5 Ne8 14. cxd5 Nxd5
15. Nxd5 cxd5 16. Qb3 e6 17. Rbc1 Qb6 18. Qxb6 axb6 19. a3 f6 20. f4 f5 21. Rc3
Rf7 22. Rfc1 Bh6 23. Rb3 g5 24. g3 gxf4 25. gxf4 Rc7 26. Rxc7 Nxc7 27. Rxb6 Rb8
28. a4 Kf7 29. a5 Na8 30. Rb3 Ke7 31. Kf2 Kd8 32. Kf3 Kc7 33. Rc3+ Kd8 34. Bf2
Bf8 35. Bh4+ Be7 36. Bg5 b5 37. Rc5 b4 38. Rb5 Rxb5 39. Bxb5 Nc7 40. Bc6 b3 41.
Ke2 h6 42. Bf6 Na6 43. Bb7 1-0

[Event "Liverpool Open"]
[Site "?"]
[Date "2007.09.06"]
[Round "6.32"]
[White "Hawkins, Nick"]
[Black "Martin, Brian"]
[Result "1-0"]
[WhiteElo "2016"]
[BlackElo "1424"]
[PlyCount "78"]
[EventDate "2007.09.06"]
[SourceDate "2007.09.06"]

1. e4 c5 2. Nf3 Nc6 3. d4 cxd4 4. Nxd4 Nf6 5. Nc3 a6 6. f4 d5 7. Nxc6 bxc6 8.
e5 Ng4 9. Be2 Nh6 10. O-O Qb6+ 11. Kh1 g6 12. b3 Bg7 13. Na4 Qa7 14. Bb2 Nf5
15. Qd3 Qe3 16. Qxe3 Nxe3 17. Rf3 Nxc2 18. Rc1 Bf5 19. Bd3 Bg4 20. Rg3 Nb4 21.
Bb1 h5 22. a3 Bh6 23. Rf1 Be2 24. Rf2 Bb5 25. axb4 O-O-O 26. Bd4 e6 27. Bd3 h4
28. Re3 Bf8 29. Bxb5 axb5 30. Nc5 Bxc5 31. Bxc5 d4 32. Rd3 Kb7 33. Ra2 Ra8 34.
Rxa8 Rxa8 35. h3 Ra1+ 36. Kh2 Rf1 37. Rxd4 Kc8 38. Be7 Rb1 39. Bxh4 Rxb3 1-0

[Event "Liverpool Open"]
[Site "?"]
[Date "2007.09.06"]
[Round "6.36"]
[White "Pass, Deborah"]
[Black "Kent, Paul"]
[Result "1-0"]
[WhiteElo "2044"]
[BlackElo "1484"]
[PlyCount "55"]
[EventDate "2007.09.06"]
[SourceDate "2007.09.06"]

1. e4 d5 2. exd5 Qxd5 3. Nc3 Qa5 4. d4 Nf6 5. Nf3 Bg4 6. h3 Bh5 7. g4 Bg6 8.
Bd2 c6 9. Ne5 e6 10. Bg2 Qb6 11. Ne2 Qxb2 12. Nxg6 hxg6 13. Rb1 Qxa2 14. Rxb7
Bd6 15. Nc3 Qc4 16. g5 Nd5 17. Qf3 O-O 18. Ne4 Be7 19. Bf1 Qxd4 20. Bd3 Bb4 21.
Bxb4 Nxb4 22. O-O a5 23. Rd1 Nxd3 24. Rxd3 Qe5 25. Rxf7 Na6 26. Rdd7 Nb4 27.
Nf6+ Kh8 28. Qg4 1-0

[Event "Liverpool Open"]
[Site "?"]
[Date "2007.09.06"]
[Round "6.40"]
[White "Lee, Steven"]
[Black "Crean, Mike"]
[Result "1-0"]
[WhiteElo "1592"]
[BlackElo "1424"]
[PlyCount "125"]
[EventDate "2007.09.06"]
[SourceDate "2007.09.06"]

1. e4 e5 2. Nf3 Nc6 3. Bb5 d6 4. d4 Bd7 5. d5 Nb8 6. Bd3 Be7 7. c4 c5 8. O-O
Bg4 9. h3 Bh5 10. Be3 Bxf3 11. Qxf3 Nd7 12. Qg3 Bh4 13. Qxg7 Qf6 14. Qxf6 Bxf6
15. Nc3 a6 16. Rab1 Ne7 17. b4 b6 18. bxc5 bxc5 19. Rb7 Nc8 20. Rfb1 Bd8 21.
R7b3 O-O 22. Bh6 Re8 23. Ne2 f6 24. Bc2 Kf7 25. Rg3 Rg8 26. Rbb3 Rg6 27. Bd2
Ncb6 28. Bd3 a5 29. f4 a4 30. Rb2 a3 31. Rb3 Ra4 32. Rc3 Nb8 33. Rxg6 hxg6 34.
fxe5 fxe5 35. Bc1 Na6 36. Rxa3 Nb4 37. Rxa4 Nxa4 38. Bb1 Nb6 39. a3 Na6 40. Ba2
Nd7 41. Kf2 Ba5 42. Bb2 Nf6 43. Kf3 Nb8 44. g4 Nbd7 45. Bc3 Bb6 46. a4 Nb8 47.
Nc1 Na6 48. Nd3 g5 49. Bb3 Nd7 50. a5 Bc7 51. Ba4 Nf8 52. Bb5 Nb8 53. a6 Bb6
54. Ba5 Ba7 55. Bc7 Ke7 56. Kg3 Nbd7 57. Nc1 Nf6 58. Kf3 Ng6 59. Nb3 Nd7 60.
Na5 Bb6 61. Nc6+ Kf6 62. a7 Bxa7 63. Nxa7 1-0

[Event "Liverpool Open"]
[Site "?"]
[Date "2007.09.06"]
[Round "6.10"]
[White "Quillan, Gary"]
[Black "Lalic, Bogdan"]
[Result "1/2-1/2"]
[WhiteElo "2359"]
[BlackElo "2509"]
[PlyCount "59"]
[EventDate "2007.09.06"]
[SourceDate "2007.09.06"]

1. e4 c5 2. Nf3 Nc6 3. Bb5 e6 4. O-O Nge7 5. Re1 Nd4 6. Bf1 Nec6 7. c3 Nxf3+ 8.
Qxf3 Be7 9. Na3 O-O 10. Nc2 Bf6 11. d3 d5 12. exd5 exd5 13. Bf4 Be6 14. Rad1
Qd7 15. Qg3 Rfe8 16. d4 Bf5 17. Rxe8+ Rxe8 18. Ne3 cxd4 19. cxd4 Bg6 20. Bb5 a6
21. Bxc6 Qxc6 22. Bg5 Bxg5 23. Qxg5 Qa4 24. b3 Qxa2 25. Qxd5 Qe2 26. Ra1 Qb2
27. Rd1 Qe2 28. Ra1 Qb2 29. Rd1 Qe2 30. Ra1 1/2-1/2

[Event "Liverpool Open"]
[Site "?"]
[Date "2007.09.06"]
[Round "6.18"]
[White "Wilson, Alexandra"]
[Black "Ak Hirawan, Omar"]
[Result "1-0"]
[WhiteElo "2066"]
[BlackElo "2344"]
[PlyCount "57"]
[EventDate "2007.09.06"]
[SourceDate "2007.09.06"]

1. e4 c5 2. Nf3 d6 3. d4 cxd4 4. Qxd4 Nc6 5. Bb5 Bd7 6. Bxc6 Bxc6 7. Nc3 Nf6 8.
Bg5 e6 9. O-O-O Be7 10. Qd3 Qa5 11. h4 h6 12. Bd2 Qc7 13. Nd4 d5 14. exd5 Nxd5
15. Nxc6 bxc6 16. Nxd5 cxd5 17. Bc3 O-O 18. Rh3 Bd6 19. g4 Rac8 20. g5 Qc4 21.
Qf3 Be5 22. gxh6 d4 23. hxg7 dxc3 24. gxf8=Q+ Kxf8 25. b3 Bf4+ 26. Kb1 Qb4 27.
Qh5 Ke7 28. Rhd3 Rc7 29. Qh8 1-0

[Event "Liverpool Open"]
[Site "?"]
[Date "2007.09.06"]
[Round "6.21"]
[White "Littlewood, John Eric"]
[Black "Reppen, Ellisiv"]
[Result "1-0"]
[WhiteElo "2230"]
[BlackElo "1922"]
[PlyCount "93"]
[EventDate "2007.09.06"]
[SourceDate "2007.09.06"]

1. e4 e5 2. Nf3 Nc6 3. Bb5 a6 4. Ba4 Nf6 5. Qe2 b5 6. Bb3 Be7 7. a4 b4 8. d4
O-O 9. dxe5 Ng4 10. Bd5 Bc5 11. O-O Qe8 12. Bf4 Rb8 13. h3 Ngxe5 14. Bxc6 Nxf3+
15. Qxf3 dxc6 16. Bxc7 Rb7 17. Bf4 Re7 18. Nd2 Re6 19. Nb3 Bd6 20. Bxd6 Rxd6
21. Rad1 Rg6 22. Rfe1 Qe6 23. Re3 Qe5 24. Nd4 Re8 25. Nf5 h6 26. b3 Kh7 27. Qe2
Ree6 28. Nh4 Rgf6 29. Nf3 Qc7 30. e5 Rg6 31. Nh4 Qe7 32. Nxg6 Rxg6 33. Rg3 Rxg3
34. fxg3 Qg5 35. g4 h5 36. Qe4+ g6 37. gxh5 Qxh5 38. Qf3 Qxf3 39. gxf3 Be6 40.
Kf2 Bd5 41. a5 Kg7 42. Rd4 f6 43. exf6+ Kxf6 44. Rxb4 Ke5 45. Ke3 g5 46. Rb6
Kd6 47. f4 1-0

[Event "Liverpool Open"]
[Site "?"]
[Date "2007.09.06"]
[Round "6.34"]
[White "Chard, Marcus"]
[Black "Mollison, Jamie"]
[Result "0-1"]
[WhiteElo "1608"]
[BlackElo "1917"]
[PlyCount "104"]
[EventDate "2007.09.06"]
[SourceDate "2007.09.06"]

1. e4 c5 2. Nf3 d6 3. d4 cxd4 4. Nxd4 Nf6 5. Nc3 a6 6. Be2 e6 7. O-O Be7 8. Qd3
O-O 9. Qg3 Kh8 10. Be3 Qc7 11. f4 Nbd7 12. Rad1 b5 13. a3 Bb7 14. Bd3 Nc5 15.
f5 e5 16. Nb3 Ncxe4 17. Nxe4 Bxe4 18. Bc1 Bxd3 19. Qxd3 Rac8 20. Rd2 Qc4 21.
Qe3 Ne4 22. Re2 d5 23. Kh1 Bg5 24. Qf3 Bxc1 25. Rxc1 f6 26. Nd2 Nxd2 27. Rxd2
d4 28. Re1 b4 29. Ree2 a5 30. axb4 axb4 31. h3 Rc7 32. b3 Qc6 33. Qh5 Ra8 34.
Kh2 Qd7 35. Re4 Qf7 36. Qf3 Rac8 37. Qe2 Qd5 38. Rh4 h6 39. Re4 Qb7 40. Rg4 Rc3
41. Kg1 Qa7 42. Kh2 Qc7 43. Qe4 Qc6 44. Qe1 Rxc2 45. Rxc2 Qxc2 46. Qxb4 Qxf5
47. Rg3 Qc2 48. Qe7 Rg8 49. b4 d3 50. Qd6 e4 51. Rg6 Qc3 52. Qf4 Qe5 0-1

[Event "Liverpool Open"]
[Site "?"]
[Date "2007.09.06"]
[Round "6.37"]
[White "Solomon, Graeme"]
[Black "Brocklebank, Peter"]
[Result "0-1"]
[WhiteElo "1408"]
[BlackElo "1810"]
[PlyCount "80"]
[EventDate "2007.09.06"]
[SourceDate "2007.09.06"]

1. d4 Nf6 2. Nf3 e6 3. e3 c5 4. Bd3 b6 5. O-O Be7 6. b3 Bb7 7. Nbd2 d5 8. Bb2
O-O 9. c4 Nc6 10. a3 Qc7 11. Qc2 cxd4 12. exd4 Rac8 13. Rac1 Qf4 14. Rce1 Bd6
15. h3 Rfd8 16. Qd1 dxc4 17. bxc4 Bb8 18. d5 exd5 19. Bc1 Nd4 20. g3 Nxf3+ 21.
Nxf3 Qd6 22. Qb3 dxc4 23. Bxc4 Rxc4 24. Qxc4 Bxf3 25. Re3 Bb7 26. Rfe1 h6 27.
Bb2 Bd5 28. Qc3 Qd7 29. Kh2 Bd6 30. Rd1 Qf5 31. Rxd5 Qxd5 32. Rd3 Qf5 33. Rf3
Qg6 34. Rd3 Ne4 35. Qb3 Nc5 36. Rxd6 Nxb3 37. Rxd8+ Kh7 38. Be5 Qf5 39. Bf4 Nc5
40. h4 Ne4 0-1

[Event "Liverpool Open"]
[Site "?"]
[Date "2007.09.06"]
[Round "6.14"]
[White "Atako, Chino"]
[Black "Meijers, Viesturs"]
[Result "0-1"]
[WhiteElo "2181"]
[BlackElo "2483"]
[PlyCount "40"]
[EventDate "2007.09.06"]
[SourceDate "2007.09.06"]

1. e4 c5 2. Nc3 a6 3. f4 b5 4. Nf3 Bb7 5. d3 e6 6. g3 Nf6 7. Bg2 d5 8. e5 d4 9.
exf6 dxc3 10. bxc3 Qxf6 11. Bd2 Bd6 12. O-O O-O 13. a4 Qe7 14. Qe2 Nd7 15. Rfb1
Bc6 16. Ne5 Bxg2 17. Qxg2 Bxe5 18. fxe5 bxa4 19. Qe4 Qd8 20. Qc4 Nb6 {
remaining moves illegible} 0-1

[Event "Liverpool Open"]
[Site "?"]
[Date "2007.09.06"]
[Round "6.39"]
[White "Morton, Alistair"]
[Black "Bentley, Emma"]
[Result "1-0"]
[WhiteElo "1440"]
[BlackElo "1368"]
[PlyCount "91"]
[EventDate "2007.09.06"]
[SourceDate "2007.09.06"]

1. d4 Nf6 2. c4 c6 3. Nc3 d5 4. e3 g6 5. Nf3 b6 6. cxd5 cxd5 7. Bd3 Bg7 8. Qe2
O-O 9. O-O Bg4 10. h3 Bxf3 11. Qxf3 a6 12. e4 dxe4 13. Nxe4 Ra7 14. Nxf6+ Bxf6
15. d5 Qd6 16. Bf4 Be5 17. Bxe5 Qxe5 18. b3 Qd6 19. a4 Nd7 20. Bc4 Ne5 21. Qe3
Nxc4 22. bxc4 Rc7 23. Rab1 Rb8 24. a5 b5 25. cxb5 Qxd5 26. bxa6 Rxb1 27. Rxb1
Qxa5 28. Rb7 Kg7 29. Rxc7 Qxc7 30. a7 Qb7 31. Qe5+ f6 32. Qb8 Qxb8 33. axb8=Q
h6 34. Qe8 h5 35. Qxe7+ Kg8 36. Qxf6 Kh7 37. g4 hxg4 38. hxg4 Kg8 39. Qxg6+ Kh8
40. Qh6+ Kg8 41. g5 Kf7 42. Qf6+ Kg8 43. Qe7 Kh8 44. g6 Kg8 45. Qf7+ Kh8 46.
Qh7# 1-0

[Event "Liverpool Open"]
[Site "?"]
[Date "2007.09.06"]
[Round "6.6"]
[White "Berg, Emanuel"]
[Black "Greet, Andrew"]
[Result "1-0"]
[WhiteElo "2580"]
[BlackElo "2441"]
[PlyCount "69"]
[EventDate "2007.09.06"]
[SourceDate "2007.09.06"]

1. e4 e5 2. Nf3 Nc6 3. Bb5 a6 4. Ba4 Nf6 5. O-O Be7 6. Re1 b5 7. Bb3 d6 8. c3
O-O 9. d3 Na5 10. Bc2 c5 11. Nbd2 Qc7 12. Nf1 Nc6 13. Bg5 h6 14. Bh4 Be6 15.
Ne3 Nd7 16. Bg3 Bf6 17. Nh4 g6 18. Nhf5 gxf5 19. exf5 Kh8 20. f4 Bg7 21. fxe6
fxe6 22. Qg4 exf4 23. Bxf4 e5 24. Nd5 Qd8 25. Bg3 Nb6 26. Nxb6 Qxb6 27. d4 cxd4
28. Kh1 d5 29. Qg6 e4 30. Rxe4 dxe4 31. Bxe4 Kg8 32. Qh7+ Kf7 33. Bd5+ Ke8 34.
Qg6+ Kd7 35. Qd6+ 1-0

[Event "Liverpool Open"]
[Site "?"]
[Date "2007.09.06"]
[Round "6.16"]
[White "Almond, Richard"]
[Black "Ciuksyte, Dagne"]
[Result "0-1"]
[WhiteElo "2101"]
[BlackElo "2426"]
[PlyCount "70"]
[EventDate "2007.09.06"]
[SourceDate "2007.09.06"]

1. d4 Nf6 2. c4 e6 3. Nc3 Bb4 4. Qc2 O-O 5. a3 Bxc3+ 6. Qxc3 b6 7. Bg5 Bb7 8.
e3 d6 9. f3 Nbd7 10. Bd3 c5 11. Ne2 Rc8 12. b4 cxd4 13. exd4 Ba6 14. Qb3 d5 15.
c5 Bxd3 16. Qxd3 e5 17. O-O exd4 18. cxb6 Qxb6 19. Qxd4 Qa6 20. Qd2 Rfe8 21.
Nd4 Ne5 22. b5 Qb6 23. a4 Nc4 24. Qd3 Nd7 25. Kh1 h6 26. Bc1 Nc5 27. Qd1 Qg6
28. Nc6 Nd3 29. Ra2 a6 30. Qb3 Kh7 31. Nb4 Nxc1 32. Rxc1 Nd2 33. Qd1 Re2 34. g3
Rxc1 35. Qxc1 Qh5 0-1

[Event "Liverpool Open"]
[Site "?"]
[Date "2007.09.06"]
[Round "6.7"]
[White "Hebden, Mark"]
[Black "Madan, Augustin"]
[Result "1-0"]
[WhiteElo "2540"]
[BlackElo "2425"]
[PlyCount "105"]
[EventDate "2007.09.06"]
[SourceDate "2007.09.06"]

1. d4 Nf6 2. Nf3 g6 3. Nc3 d5 4. Bf4 c6 5. h3 Bg7 6. e3 O-O 7. Bd3 Nbd7 8. O-O
c5 9. a4 b6 10. a5 bxa5 11. Qb1 Bb7 12. Qa2 c4 13. Be2 Ne4 14. Nxe4 dxe4 15.
Ne5 Nxe5 16. dxe5 c3 17. Rfd1 cxb2 18. Qxb2 Qc7 19. Qb5 a6 20. Qxa5 Qxc2 21.
Bg4 Bc8 22. Rac1 Qb3 23. Rb1 Qc2 24. Rdc1 Qd3 25. Bd1 Be6 26. Bc2 Qd5 27. Qa4
Rac8 28. Bxe4 Rxc1+ 29. Rxc1 Qb5 30. Qd4 Rb8 31. Rb1 Qe8 32. Ra1 Qc8 33. Qa7 g5
34. Bg3 Rb4 35. Qxe7 Rxe4 36. Rd1 h6 37. Rd8+ Qxd8 38. Qxd8+ Bf8 39. h4 Rc4 40.
hxg5 Rc8 41. Qf6 Bg7 42. Qf4 Rc4 43. e4 h5 44. g6 fxg6 45. Bh4 a5 46. Bf6 Bf8
47. Bd8 Bg7 48. Qg5 Rxe4 49. Qxg6 Re1+ 50. Kh2 Bf7 51. Qg3 h4 52. Bxh4 Rxe5 53.
Bf6 1-0

[Event "Liverpool Open"]
[Site "?"]
[Date "2007.09.06"]
[Round "6.8"]
[White "Ravi, Lanka"]
[Black "Lie, Kjetil A"]
[Result "0-1"]
[WhiteElo "2404"]
[BlackElo "2536"]
[PlyCount "82"]
[EventDate "2007.09.06"]
[SourceDate "2007.09.06"]

1. d4 Nf6 2. c4 c5 3. d5 e6 4. Nc3 exd5 5. cxd5 d6 6. e4 g6 7. Bd3 Bg7 8. h3 a6
9. a4 Nbd7 10. Nf3 Nh5 11. g4 Nhf6 12. Bf4 h5 13. g5 Nh7 14. Qd2 Qe7 15. h4 O-O
16. Rg1 c4 17. Bc2 f5 18. Nd4 {(=)} Nc5 19. Ne6 Bxe6 20. dxe6 Qxe6 21. Qxd6
fxe4 22. Qxe6+ Nxe6 23. Be3 Rae8 24. Rd1 Nf4 25. Rd6 Nd3+ 26. Ke2 Rf5 27. Rxg6
Nf8 28. Rd6 Ne6 29. Nd1 Nef4+ 30. Kd2 Nd5 31. g6 Bf8 32. Rd7 Bb4+ 33. Ke2 Nxe3
34. Kxe3 Rf3+ 35. Ke2 Nf4+ 36. Kf1 e3 37. Nxe3 Rexe3 38. Rd1 Re2 39. Rd8+ Kg7
40. Rd7+ Kf6 41. Rf7+ Ke6 0-1

[Event "Liverpool Open"]
[Site "?"]
[Date "2007.09.06"]
[Round "6.9"]
[White "Gormally, Daniel"]
[Black "Rendle, Thomas"]
[Result "1-0"]
[WhiteElo "2509"]
[BlackElo "2416"]
[PlyCount "81"]
[EventDate "2007.09.06"]
[SourceDate "2007.09.06"]

1. e4 e6 2. d4 d5 3. Nc3 dxe4 4. Nxe4 Bd7 5. Bd3 Bc6 6. Nf3 Nd7 7. O-O Ngf6 8.
Ng3 Be7 9. Re1 Bxf3 10. Qxf3 c6 11. c3 O-O 12. Bc2 Re8 13. Bd2 Qb6 14. Rab1 a5
15. Ne4 Nf8 16. a3 a4 17. Bf4 Ng6 18. Bg3 Qd8 19. Qd1 Nxe4 20. Rxe4 Qd5 21. Re1
Qa5 22. Qd3 Bf6 23. h4 Red8 24. Qf3 Nf8 25. Re3 Rd7 26. Rbe1 Qb6 27. R1e2 c5
28. dxc5 Qxc5 29. Re4 Qd5 30. Rxa4 Qxf3 31. gxf3 Rad8 32. Rb4 Be7 33. Rb5 f5
34. Bb3 Kh8 35. Bxe6 Rd1+ 36. Kg2 f4 37. Bxf4 Ng6 38. Bg3 Bxh4 39. Rxb7 Bf6 40.
Rb4 h5 41. Rb5 1-0

[Event "Liverpool Open"]
[Site "?"]
[Date "2007.09.06"]
[Round "6.11"]
[White "Williams, Simon Kim"]
[Black "Palliser, Richard"]
[Result "1-0"]
[WhiteElo "2480"]
[BlackElo "2417"]
[PlyCount "52"]
[EventDate "2007.09.06"]
[SourceDate "2007.09.06"]

1. e4 c5 2. Nf3 d6 3. d4 cxd4 4. Nxd4 Nf6 5. Nc3 a6 6. Bc4 e6 7. Bb3 b5 8. Bg5
Be7 9. Qf3 Qc7 10. O-O-O Nbd7 11. Bxf6 Nxf6 12. g4 O-O 13. g5 Nd7 14. g6 Ne5
15. gxh7+ Kh8 16. Qg3 Bd7 17. f4 b4 18. fxe5 bxc3 19. Rhg1 g6 20. Nf3 Qc5 21.
Ng5 a5 22. Nxf7+ Rxf7 23. Qxg6 Rxh7 24. exd6 Bh4 25. Bxe6 Bxe6 26. Qxe6 Rd8 {
remaining moves illegible} 1-0